Prendre partit / Ronald Harwood ; traducció de Joaquim Mallafrè ; pròleg de Ferran Madico

per Harwood, Ronald

ISBN: 84-7794-758-9
Descripció física: 113 p. ; 18 cm

MARC

LEADER 00000nam a2200000Ia 4500
001 13164
008 160829s2001 xx 000 0 cat d
020 |a 84-7794-758-9 
080 |a L-1-347 
100 |a Harwood, Ronald  |9 37381 
245 |a Prendre partit / Ronald Harwood ; traducció de Joaquim Mallafrè ; pròleg de Ferran Madico 
260 |a Barcelona :  |b Institut del Teatre. Diputació de Barcelona,  |c 2001 
300 |a 113 p. ;  |c 18 cm 
490 |a Biblioteca teatral ; 99 
590 |a Títol original : Taking Sides 
700 |a Mallafré, Joaquim, tr.   |9 28732 
700 1 |a Madico, Ferran  |9 37382 
710 1 |a Institut del Teatre (Barcelona, Catalunya)  |9 52662 
901 |a Arxiu 
942 |n 1 
952 |0 0  |1 0  |4 0  |6 L1347  |7 1  |9 47834  |a Arxiu  |b Arxiu  |d 2016-12-01  |l 0  |o L-1-347  |p 13164  |r 2016-12-01 00:00:00  |w 2016-12-01  |y ARXIU 
999 |c 51633  |d 51633